| 000 | 00884nac a22002291u 4500 | ||
|---|---|---|---|
| 010 | _a2005280855 | ||
| 020 | _a0132370360 (spiral) | ||
| 082 | 0 | 0 |
_a005.5 _bG774 |
| 090 |
_c528 _d528 |
||
| 100 | _aGrauer, Robert T., | ||
| 245 | 1 | 0 |
_aMicrosoft Office 2003 : _bwith additional Excel & Access coverage / _cRobert T. Grauer, Maryann Barber. |
| 250 | _aPlus ed. | ||
| 260 |
_aUpper Saddle River, N.J. : _bPearson/Prentice Hall,2006 _cc2006. |
||
| 300 |
_axxiii, 1189 p. : _bcol. ill. ; _c28 cm. |
||
| 490 | 1 | _aThe exploring series / by Prentice Hall | |
| 500 | _aIncludes index. | ||
| 650 | 0 |
_aBusiness _xComputer programs. |
|
| 700 | 1 | _aBarber, Maryann M. | |
| 830 | 0 | _aExploring series (Pearson/Prentice Hall) | |
| 942 |
_cBB _k005.5G774 |
||
| 999 |
_c528 _d528 |
||